Statistics for All Pokémon with Plus

Click here to take the quiz!

General Stats

  • This quiz has been taken 2 times
  • The average score is 5 of 9

Answer Stats

(Avail)abilityPokémon% Correct
First AbilityPlusle
100%
Hidden AbilityAmpharos
50%
Hidden AbilityDedenne
50%
Hidden AbilityFlaaffy
50%
First AbilityKlang
50%
First AbilityKlink
50%
First AbilityKlinklang
50%
Hidden AbilityMareep
50%
Second AbilityToxtricity (Amped Up)
0%

Score Distribution

Percentile by Number Answered

Percent of People with Each Score

Your Score History

You have not taken this quiz